| 000 | 00396nam a2200133 i 4500 | ||
|---|---|---|---|
| 001 | 81193 | ||
| 003 | ES-MaACL | ||
| 007 | t| | ||
| 008 | 041103s1929 sp ||||1| spa d | ||
| 245 | 0 | 0 | _aHomenaje al excelentísimo Sr. D. Marcelino González Ruiz con motivo de su jubilación. |
| 260 |
_aMadrid : _bHijos de M. G. Hernández, _c1929. |
||
| 300 |
_a146 p. ; _c19 cm. |
||
| 852 |
_aES-MaACL _jB-4063 |
||
| 999 |
_c81193 _d81193 |
||